<?xml version="1.0" encoding="UTF-8"?>
<record
    xmlns:xsi="http://www.w3.org/2001/XMLSchema-instance"
    xsi:schemaLocation="http://www.loc.gov/MARC21/slim http://www.loc.gov/standards/marcxml/schema/MARC21slim.xsd"
    xmlns="http://www.loc.gov/MARC21/slim">

  <leader>00477nam a22001337a 4500</leader>
  <controlfield tag="008">241112b        |||||||| |||| 00| 0 eng d</controlfield>
  <datafield tag="020" ind1=" " ind2=" ">
    <subfield code="a">9789914999396</subfield>
  </datafield>
  <datafield tag="050" ind1=" " ind2=" ">
    <subfield code="a">HF5381</subfield>
    <subfield code="b">.G33</subfield>
  </datafield>
  <datafield tag="100" ind1=" " ind2=" ">
    <subfield code="a">Gacohi, Jane Njeri</subfield>
  </datafield>
  <datafield tag="245" ind1=" " ind2=" ">
    <subfield code="a">Career planning and decision-making :</subfield>
    <subfield code="b">A step- by - step guide for students and parents/ by </subfield>
    <subfield code="c">Jane Njeri Gacohi and foreword by Nancy W. Mungai</subfield>
  </datafield>
  <datafield tag="260" ind1=" " ind2=" ">
    <subfield code="a">Nakuru, Kenya</subfield>
    <subfield code="b">Oracle House plublishers Ltd</subfield>
    <subfield code="c">2022</subfield>
  </datafield>
  <datafield tag="300" ind1=" " ind2=" ">
    <subfield code="a">x, 113p.</subfield>
  </datafield>
  <datafield tag="942" ind1=" " ind2=" ">
    <subfield code="2">lcc</subfield>
    <subfield code="c">BK</subfield>
  </datafield>
  <datafield tag="999" ind1=" " ind2=" ">
    <subfield code="c">20543</subfield>
    <subfield code="d">20542</subfield>
  </datafield>
  <datafield tag="952" ind1=" " ind2=" ">
    <subfield code="0">0</subfield>
    <subfield code="1">0</subfield>
    <subfield code="2">lcc</subfield>
    <subfield code="7">0</subfield>
    <subfield code="a">KABU</subfield>
    <subfield code="b">KABU</subfield>
    <subfield code="d">2024-11-12</subfield>
    <subfield code="g">600.00</subfield>
    <subfield code="i">2024/0734</subfield>
    <subfield code="l">0</subfield>
    <subfield code="o">HF5381 .G33 2022 C.1</subfield>
    <subfield code="p">33645</subfield>
    <subfield code="r">2024-11-12 12:18:13</subfield>
    <subfield code="t">C.1</subfield>
    <subfield code="w">2024-11-12</subfield>
    <subfield code="y">BK</subfield>
  </datafield>
  <datafield tag="952" ind1=" " ind2=" ">
    <subfield code="0">0</subfield>
    <subfield code="1">0</subfield>
    <subfield code="2">lcc</subfield>
    <subfield code="7">0</subfield>
    <subfield code="a">KABU</subfield>
    <subfield code="b">KABU</subfield>
    <subfield code="d">2024-11-12</subfield>
    <subfield code="g">600.00</subfield>
    <subfield code="i">2024/0735</subfield>
    <subfield code="l">0</subfield>
    <subfield code="o">HF5381 .G33 2022 C.2</subfield>
    <subfield code="p">33646</subfield>
    <subfield code="r">2024-11-12 12:18:13</subfield>
    <subfield code="t">C.2</subfield>
    <subfield code="w">2024-11-12</subfield>
    <subfield code="y">BK</subfield>
  </datafield>
  <datafield tag="952" ind1=" " ind2=" ">
    <subfield code="0">0</subfield>
    <subfield code="1">0</subfield>
    <subfield code="2">lcc</subfield>
    <subfield code="7">0</subfield>
    <subfield code="a">KABU</subfield>
    <subfield code="b">KABU</subfield>
    <subfield code="d">2024-11-12</subfield>
    <subfield code="g">600.00</subfield>
    <subfield code="i">2024/0732</subfield>
    <subfield code="l">0</subfield>
    <subfield code="o">HF5381 .G33 2022 C.3</subfield>
    <subfield code="p">33649</subfield>
    <subfield code="r">2024-11-12 12:18:13</subfield>
    <subfield code="t">C.3</subfield>
    <subfield code="w">2024-11-12</subfield>
    <subfield code="y">BK</subfield>
  </datafield>
  <datafield tag="952" ind1=" " ind2=" ">
    <subfield code="0">0</subfield>
    <subfield code="1">0</subfield>
    <subfield code="2">lcc</subfield>
    <subfield code="7">0</subfield>
    <subfield code="a">KABU</subfield>
    <subfield code="b">KABU</subfield>
    <subfield code="d">2024-11-12</subfield>
    <subfield code="g">600.00</subfield>
    <subfield code="i">2024/0733</subfield>
    <subfield code="l">0</subfield>
    <subfield code="o">HF5381 .G33 2022 C.4</subfield>
    <subfield code="p">33647</subfield>
    <subfield code="r">2024-11-12 12:18:13</subfield>
    <subfield code="t">C.4</subfield>
    <subfield code="w">2024-11-12</subfield>
    <subfield code="y">BK</subfield>
  </datafield>
  <datafield tag="952" ind1=" " ind2=" ">
    <subfield code="0">0</subfield>
    <subfield code="1">0</subfield>
    <subfield code="2">lcc</subfield>
    <subfield code="7">0</subfield>
    <subfield code="a">KABU</subfield>
    <subfield code="b">KABU</subfield>
    <subfield code="d">2024-11-12</subfield>
    <subfield code="g">600.00</subfield>
    <subfield code="i">2024/0731</subfield>
    <subfield code="l">0</subfield>
    <subfield code="o">HF5381 .G33 2022 C.5</subfield>
    <subfield code="p">33650</subfield>
    <subfield code="r">2024-11-12 12:18:13</subfield>
    <subfield code="t">C.5</subfield>
    <subfield code="w">2024-11-12</subfield>
    <subfield code="y">BK</subfield>
  </datafield>
  <datafield tag="952" ind1=" " ind2=" ">
    <subfield code="0">0</subfield>
    <subfield code="1">0</subfield>
    <subfield code="2">lcc</subfield>
    <subfield code="7">0</subfield>
    <subfield code="a">KABU</subfield>
    <subfield code="b">KABU</subfield>
    <subfield code="d">2024-11-12</subfield>
    <subfield code="g">600.00</subfield>
    <subfield code="i">2024/0730</subfield>
    <subfield code="l">0</subfield>
    <subfield code="o">HF5381 .G33 2022 C.6</subfield>
    <subfield code="p">33648</subfield>
    <subfield code="r">2024-11-12 12:18:13</subfield>
    <subfield code="t">C.6</subfield>
    <subfield code="w">2024-11-12</subfield>
    <subfield code="y">BK</subfield>
  </datafield>
</record>
